Normal view
MARC view
Entry Personal Name
001 - CONTROL NUMBER
- control field: 41757
003 - CONTROL NUMBER IDENTIFIER
- control field: ARRUPE
005 - DATE AND TIME OF LATEST TRANSACTION
- control field: 20180620112710.0
008 - FIXED-LENGTH DATA ELEMENTS
- fixed length control field: 180620|| aca||aabn | a|a d
040 ## - CATALOGING SOURCE
- Original cataloging agency: ARRUPE
- Transcribing agency: ARRUPE
100 ## - HEADING--PERSONAL NAME
- Personal name: Mazunda, Overtoun.
670 ## - SOURCE DATA FOUND
- Source citation: Work cat.: (ARRUPE): Mazunda, Overtoun., The God of love and compassion: